000 00332nam a2200133Ia 4500
008 150201s2014 xx 000 0 und d
082 _a611
_bA2003S
100 _aSINGH ,INDERBIR
245 _aANATOMY FOR DENTAL STUDENTS
250 _a2ND
260 _bJAYPEE BROTHERS MEDICAL PUBLISHERS
650 _aANATOMY
942 _2ddc
_cBK
_02
999 _c4842
_d4842